000 00204nam a2200085Ia 4500
008 120527s9999 xx 000 0 und d
100 _aFord, et al
245 _aThe Syracuse Community-Refereced
942 _cBK
999 _c27485
_d27485